La simulación de contrato en el código civil chileno

Saved in:
Bibliografiske detaljer
Hovedforfatter: Díez Duarte, Raúl (autor)
Format: Bog
Sprog:spansk
Udgivet: Santiago Imprenta Chile 1957
Fag:
Tags: Tilføj Tag
Ingen Tags, Vær først til at tagge denne postø!

MARC

LEADER 00000nam a2200000 a 4500
001 UCY6578
003 CL-VaPUC
008 950529e19570000CL |||||||||||||||||spa|d
082 0 4 |a 346.022  |b DIE  |2 21 
100 |a Díez Duarte, Raúl  |e autor  |9 568197 
245 1 3 |a La simulación de contrato en el código civil chileno 
246 1 0 |a Teoría jurídica y práctica forense 
300 |a 175 p 
942 |c BK 
945 |d 19950529 00:00:00  |a aalvarez 
260 |a Santiago  |b Imprenta Chile  |c 1957 
650 0 |a Contratos  |9 255153 
650 0 |a Derecho civil  |9 255013 
583 |a last modification  |c 19950529 00:00:00  |k Rodrigo Vera 
999 |c 234134  |d 234132 
952 |0 0  |1 0  |4 0  |6 346_022000000000000_DIE_1957  |7 0  |8 P  |9 240152  |a BIBDER  |b BIBDER  |d 2019-11-18  |i 4306252  |o 346.022 DIE 1957  |p 4306252  |r 2023-01-25  |w 2019-11-18  |y BK  |k DER